Littlewood-Paley theory on spaces of homogeneous type and the classical function spaces

Αποθηκεύτηκε σε:
Λεπτομέρειες βιβλιογραφικής εγγραφής
Κύριος συγγραφέας: Han, Yongsheng
Άλλοι συγγραφείς: Sawyer, E. T. (Eric T.) 1951-
Μορφή: Βιβλίο
Γλώσσα:English
Δημοσίευση: Providence, Rhode island : American Mathematical Society, c1994
Σειρά:Memoirs of the American Mathematical Society ; ; 530
Θέματα:
Ετικέτες: Προσθήκη ετικέτας
Δεν υπάρχουν, Καταχωρήστε ετικέτα πρώτοι!

MARC

LEADER 00000nam a2200000 i 4500
001 1/91044
008 991012s1994 eng d
020 |a 0821825925 
035 |l 10053396 
040 |a GR-MY-UA  |b gre  |e aacr 
041 0 |a eng 
082 0 |a 515.2433 
100 1 |a Han, Yongsheng. 
245 1 0 |a Littlewood-Paley theory on spaces of homogeneous type and the classical function spaces /  |c Y. S. Han, E. T. Sawyer 
260 |a Providence, Rhode island :   |b American Mathematical Society,   |c c1994 
300 |a vi, 126 p.;  |c 26 cm. 
490 1 |a Memoirs of the American Mathematical Society  |v ; 530 
500 |a Includes bibliographical references 
500 |a Volume 110, number 530 (fifth of 6 numbers) 
650 0 0 |a Littlewood-Paley theory. 
650 0 0 |a Multipliers (Mathematical analysis) 
650 0 0 |a Hardy spaces. 
650 0 0 |a Function spaces. 
700 1 |a Sawyer, E. T.  |q (Eric T.)  |d 1951- 
830 0 |a Memoirs of the American Mathematical Society ;  |v ; 530 
852 |a INST  |b SAMOS  |e 19991012  |h 515.2433 HAN  |p 005300012202  |q 005300012202  |t BK  |y 0 
901 |a BIBL3-1999-3 
909 |a Σ  |b 063453 
922 |a 3ΕΛΗ  |b 199907  |c ΕΠΕΑΕΚ/ΜΑΘ  |d ΠΑΠΑΣΩΤΗΡΙΟΥ 
970 |a ΓΕΝΟΥΖΟΥ  |b ΧΡΥΣΑΝΘΗ  |z 1999/10/12